| 000 | 00622nam a2200229Ia 4500 | ||
|---|---|---|---|
| 005 | 20250425162547.0 | ||
| 008 | 250425s9999 xx 000 0 und d | ||
| 020 | _a9789942090539 | ||
| 041 | _aspa | ||
| 082 | _a338.9 | ||
| 110 | _aGRUPO PERMANENTE DE TRABAJO SOBRE ALTERNATIVAS AL DESARROLLO | ||
| 245 | 0 | _aMAS ALLA DEL DESARROLLO | |
| 250 | _a1A ED. | ||
| 260 |
_aEcuador _bABYA YALA/ FUNDACION ROSA LUXEMBURG _c2011 |
||
| 260 | _aS.L. | ||
| 300 | _a323 | ||
| 650 | _aAMERICA LATINA-DESARROLLO ECONOMICO | ||
| 650 | _aBUEN VIVIR | ||
| 650 | _aDESARROLLO SOCIO-ECONOMICO | ||
| 942 | _c01 | ||
| 010 | _a85670 | ||
| 999 |
_c231746 _d231746 |
||